Predpísaný repertoár [spoločenských tancov v kategórií B a A, menej známe figúry tanga]

Bibliographic Details
Main Author: Štiavnický, Milan (Author)
Format: Article
Language:Slovak
Subjects:

MARC

LEADER 00000nab a2200000 a 4500
001 vtls008952103
003 SK-MaSNL
005 20260303071145.0
008 051229 1977 xo | 000 0 slo
015 |a SNBRB1977 
040 |a SNKBUCL  |b slo  |c SNKBUCL  |e AACR2 
041 0 |a slo 
044 |a xo  |c SK 
080 |a 793.33  |2 2001 
100 1 |a Štiavnický, Milan  |4 aut 
245 1 0 |a Predpísaný repertoár  |b [spoločenských tancov v kategórií B a A, menej známe figúry tanga]  |c Milan Štiavnický 
650 0 7 |a spoločenské tance  |2 snkbucl  |9 29452 
650 0 7 |a tanečné figúry  |2 snkbucl  |9 1069486 
650 0 7 |a tango (tanec)  |2 snkbucl  |9 73536 
773 0 |t Rytmus  |g Roč. 28, č. 2 (1977), s. 23 
999 |c 1758618  |d 1760548